Riverdale characters - Statistics

General Stats
  • This quiz has been taken 499 times
  • The average score is 14 of 21
Answer Stats
Hint Answer % Correct
boy who dies jason blossom
99%
his twin sister cheryl blossom
98%
her pregnant cousin polly cooper
97%
his sister betty cooper
94%
her boyfriend jughead jones
94%
his best friend (male) archie andrews
93%
his wife alice cooper
92%
his girlfriend veronica lodge
92%
her gay best friend kevin keller
90%
her dad hal cooper
89%
her daughter josie mccoy
71%
man who works at the place where he was shot pop
62%
her killer black hood
59%
his first victim fred andrews
56%
woman who works therefor a bit hermione lodge
54%
his dad tom keller
54%
her son chic cooper
45%
her music teacher geraldine grundy
41%
the keyboard player in her band valerie brown
35%
her husband hirem lodge
7%
the woman he is having an affair with mayer mccoy
3%
No matching quizzes found
Score Distribution
Percent of People with Each Score
Percentile by Number Answered
Your Score History
You have not taken this quiz